Analýza obsahu pohybového režimu zdravotne oslabených detí

Bibliographic Details
Main Author: Labudová, Jela, 1944- (Author)
Format: Article
Language:Slovak
PhysicalDescription:Obr. 8. Res. angl., rus., lit. 26 zázn. v slov., češ., ruš.
Subjects:

MARC

LEADER 00000nab a2200000 a 4500
001 vtls000461166
003 SK-MaSNL
005 20260303224546.0
008 160204c1991 xo 0 slo
015 |a SNBRA19rr/mm-uuuuu 
035 |a CL0461298 
040 |a SNKBUCL  |b slo  |c SNKBUCL  |e AACR2 
041 0 |a slo 
044 |a xo  |c SK 
080 |a 376.23  |2 1981 
080 |a 796.4  |2 1981 
100 1 |a Labudová, Jela,  |d 1944-  |4 aut  |9 231285 
245 1 0 |a Analýza obsahu pohybového režimu zdravotne oslabených detí  |c Jela Labudová 
300 |b Obr. 8. Res. angl., rus., lit. 26 zázn. v slov., češ., ruš. 
650 0 7 |a zdravotne oslabené deti  |2 snkbucl  |9 106248 
655 7 |a články zo zborníkov  |2 snkbucl  |9 166140 
773 0 |t Acta Facultatis educationis physicae Universitatis Comenianae. Publicatio 30  |d Bratislava : SPN, 1991  |g S. 165-195 
850 |a Slovenská národná knižnica v Martine  |a MTA001 
852 |a SNK  |b KIS3GCP 
958 |a NB 
958 |a RK 
992 |a RZB 
999 |c 2252829  |d 2254759